Zmena zákona o dani z príjmov novelou č. 416/2020 Z. z.

Úpravy v oblasti zdaňovania fyzických osôb. Uplatňovanie nezdaniteľnej časti základu dane a daňového bonusu po skončení právneho vzťahu (zamestnania). Úpravy spoločné pre zdaňovanie fyzických osôb a právnických osôb. Úpravy v zdaňovaní právnických osôb. Úpravy v medzinárodnom zdaňovaní.

Na minha lista:
Detalhes bibliográficos
Autor principal: Mezeiová, Viera
Outros Autores: Horniaček, Peter
Formato: Capítulo de Livro
Idioma:eslovaco
Assuntos:
Tags: Adicionar Tag
Sem tags, seja o primeiro a adicionar uma tag!

MARC

LEADER 00000naa a2200000 4500
001 0273611
005 20210512124008.2
041 0 |a slo 
044 |a SK 
245 1 0 |a Zmena zákona o dani z príjmov novelou č. 416/2020 Z. z.  |c Viera Mezeiová, Peter Horniaček 
520 |a Úpravy v oblasti zdaňovania fyzických osôb. Uplatňovanie nezdaniteľnej časti základu dane a daňového bonusu po skončení právneho vzťahu (zamestnania). Úpravy spoločné pre zdaňovanie fyzických osôb a právnických osôb. Úpravy v zdaňovaní právnických osôb. Úpravy v medzinárodnom zdaňovaní. 
610 2 0 |a dane z príjmov 
610 2 0 |a zdaňovanie 
610 2 0 |a zdaňovanie medzinárodné 
610 2 0 |a osoby fyzické 
610 2 0 |a osoby právnické 
610 2 0 |a legislatíva 
610 2 0 |a základ dane 
100 1 |a Mezeiová, Viera 
700 1 |a Horniaček, Peter